00483nam a2200193 a 4500001001300000003000900013005001700022008004100039020000800080082001700088100002100105245002900126260003000155300000900185500003500194505001700229650002200246700002100268nice12345678IN_TiNIC20260116011556.0050524s1924 dela grp 000 0 eng  ac000a269.2bZWE11 aZwemer, Samuel M aLaw of Apostasy in Islam aDelhibCurzon Pressc1924 a164p aincludes index and biblioraphy2 aBibliography aEvangelistic Work1 aZwemer, Samuel M